| 000 | 00572nam a2200181 i 4500 | ||
|---|---|---|---|
| 001 | 70485 | ||
| 003 | ES-MaACL | ||
| 005 | 20240430133658.0 | ||
| 007 | t| | ||
| 008 | 040727s1967 sp ||||1| spa d | ||
| 100 | 1 |
_aGarcía Valdés, Carlos. _955358 |
|
| 245 | 1 | 0 |
_aElla y yo _b: (poesías) / _cCarlos García Valdés ; con un poema preliminar de José Luis Jover. |
| 260 |
_aMadrid : _b[s.n., _c1967] ( _fDiana) |
||
| 300 |
_a80 p. ; _c21 cm. |
||
| 700 | 0 |
_aJover, José Luis, _d1946- _967060 |
|
| 852 |
_aES-MaACL _jC-33465 _bR.64133 |
||
| 999 |
_c70485 _d70485 |
||